| 000 | 00737cam a2200289 i 4500 | ||
|---|---|---|---|
| 001 | 0000550 | ||
| 003 | DO-SdBNP | ||
| 005 | 20180130135358.0 | ||
| 007 | 0000550 | ||
| 008 | 100514s 1989 sp a 000 f spa | ||
| 015 | _a | ||
| 017 |
_a _b |
||
| 020 | _a8478540091 | ||
| 035 | _a | ||
| 040 |
_aBPMSU _bspa _cBPMSU _e |
||
| 080 | _a | ||
| 100 | 1 | _aStevenson, R. L. | |
| 245 | 1 | 3 |
_aLa isla del tesoro / _h _cR. L. Stevenson |
| 260 |
_aBilbao, España : _bEdiciones Cuenticolor, _c1989. |
||
| 300 |
_a64 p.: _bil. _c22 cm. |
||
| 490 | 1 | _aAmable | |
| 500 | _aIncluye datos bibliográficos del autor. | ||
| 830 | 0 | _aAmable | |
| 942 |
_2ddc _cBK |
||
| 945 | _aInventariado extranjero / 2018 VM | ||
| 956 |
_aYLOCKWARD _810 _cBPMSU |
||
| 999 |
_c10951 _d10951 |
||